Reporte de la Reunión /

Na minha lista:
Detalhes bibliográficos
Autores Corporativos: Consejo de la Tierra, IICA PNUD PNUMA DPCSD
Formato: Texto
Publicado em: San José: CT
Tags: Adicionar Tag
Sem tags, seja o primeiro a adicionar uma tag!

MARC

LEADER 00000 a a2200000 04500
001 22834
003
040
090 |a 157200  
110 |a Consejo de la Tierra  
245 |a Reporte de la Reunión /  |c Consejo de la Tierra  
260 |a San José:   |b CT  
300 |a 39 p.  
710 |a IICA   |a PNUD   |a PNUMA   |a DPCSD  
999 |c 10956  |d 10956